Livro

Hacia la revolución : viajeros argentinos de izquierda

Na minha lista:
Detalhes bibliográficos
Autor principal: Astrada, Carlos (Autor)
Outros Autores: Saítta, Sylvia (Autor de introdução, etc., pról.)
Formato: Livro
Publicado em: Buenos Aires : Fondo de Cultura Económica, c2007.
Edição:1a. ed.
coleção:Tierra firme (FCE).
Assuntos:

MARC

LEADER 00000Cam#a2200000#a#4500
001 024353
005 20250217095514.0
008 130205s2007####ag # ##o #000|0| #d
020 |a 9789505577316 
040 |a AR-BeUNQ 
082 0 4 |a 070.44  |2 21 
245 0 0 |a Hacia la revolución :   |b viajeros argentinos de izquierda  |c selección y prólogo de Sylvia Saítta ; Carlos Astrada ... [et al.]. 
250 |a 1a. ed. 
260 |a Buenos Aires :   |b Fondo de Cultura Económica,   |c c2007. 
300 |a 347 p. ;   |c 22 cm. 
490 1 |a Tierra firme 
505 0 |a A la Unión Soviética: El viaje / Rodolfo Ghioldi -- Rusia : la verdad de la situación actual del soviet / León Rudnitzky -- Yo vi...! en Rusia / Elías Castelnuovo -- Un periodista argentino en la Unión Soviética / Alfredo Varela -- A China: "Lo que sabemos hablamos / María Rosa Oliver -- 600 millones y uno / Bernardo Kordon -- Viaje nada secreto al país de los misterios . China extraña y clara / Bernardo Kordon -- Convivencia con Mao Tse Tung en el diálogo / Carlos Astrada -- A Cuba: Los que luchan y los que lloran / Jorge Ricardo Masetti -- Mi experiencia cubana / Ezequiel Martínez Estrada -- La isla de Fidel / Leopoldo Marechal -- Cuba, vida cotidiana y revolución / Enrique Raab. 
650 7 |a Viajes  |2 spines 
650 7 |a Crónicas  |2 ttll 
651 7 |a China  |2 spines 
651 7 |a Cuba  |2 spines 
651 7 |a Unión Soviética  |2 spines 
700 1 |a Saítta, Sylvia,   |e pról.  |4 aui 
700 1 |a Astrada, Carlos,   |e aut.  |4 aut 
830 0 |a Tierra firme (FCE). 
929 |a DONACION  |b Proveniente de: Margarita Pierini  |d 0  |e 20121227  |f PAT0033756  |g P199  |j 48689 
942 |c LIB  |n 0 
999 |c 22867  |d 98254